شریعت و طریقت (Record no. 612533)

000 -LEADER
fixed length control field 00315nam a22001217a 4500
040 ## - CATALOGING SOURCE
Transcribing agency Nust
082 ## - DEWEY DECIMAL CLASSIFICATION NUMBER
Classification number 297
Author Mark SAS
100 ## - MAIN ENTRY--PERSONAL NAME
Personal name Maulana Ashraf Ali Thanvi
9 (RLIN) 114492
245 ## - TITLE STATEMENT
Title شریعت و طریقت
260 ## - PUBLICATION, DISTRIBUTION, ETC.
Place of publication, distribution, etc. Lahore:
Name of publisher, distributor, etc. Idara Islamiat,
Date of publication, distribution, etc. 1981.
650 ## - SUBJECT ADDED ENTRY--TOPICAL TERM
Topical term or geographic name entry element شریعت و طریقت
9 (RLIN) 126056
942 ## - ADDED ENTRY ELEMENTS (KOHA)
Source of classification or shelving scheme
Koha item type Book
Holdings
Withdrawn status Lost status Source of classification or shelving scheme Damaged status Not for loan Permanent Location Current Location Shelving location Date acquired Total Checkouts Full call number Barcode Date last seen Price effective from Koha item type
          College of Electrical & Mechanical Engineering (CEME) College of Electrical & Mechanical Engineering (CEME) General Stacks 01/08/2025   297 SAS CEME- 33924 01/08/2025 01/08/2025 Book
© 2023 Central Library, National University of Sciences and Technology. All Rights Reserved.